Proyecto de reforma de la Ley de Procedimiento Tributario (Registro nro. 15897)

Detalles MARC
000 -LEADER
fixed length control field 00333 a2200109 4500
001 - CONTROL NUMBER
control field ART_44748
005 - DATE AND TIME OF LATEST TRANSACTION
control field 20260410161709.0
008 - FIXED-LENGTH DATA ELEMENTS--GENERAL INFORMATION
fixed length control field 260409a
100 1# - MAIN ENTRY--PERSONAL NAME
Personal name Melzi, Flavia Irene
245 10 - TITLE STATEMENT
Title Proyecto de reforma de la Ley de Procedimiento Tributario
773 0# - HOST ITEM ENTRY
Title Revista Impuestos
Related parts - Nº 11 (nov. 2017)
Record control number REV639

No hay ítems disponibles.